2802-神戸市交通局の駅 - Statistics

General Stats
  • This quiz has been taken 291 times
  • The average score is 24 of 30
Answer Stats
本線 % Correct
三宮
98%
新神戸
97%
新神戸
97%
新長田
96%
新長田
96%
新長田
96%
西神中央
95%
谷上
93%
三宮・花時計前
92%
和田岬
86%
名谷
80%
名谷
80%
県庁前
79%
西神南
79%
長田
76%
総合運動公園
76%
板宿
75%
ハーバーランド
75%
湊川公園
73%
学園都市
73%
伊川谷
73%
大倉山
72%
みなと元町
70%
旧居留地・大丸前
69%
妙法寺
66%
苅藻
63%
御崎公園
62%
上沢
58%
駒ヶ林
56%
中央市場前
51%
No matching quizzes found
Score Distribution
Percent of People with Each Score
Percentile by Number Answered
Your Score History
You have not taken this quiz